| 000 | 00508nam a2200169Ia 4500 | ||
|---|---|---|---|
| 999 |
_c11571 _d11571 |
||
| 003 | OSt | ||
| 005 | 20201030100125.0 | ||
| 008 | 190216s9999||||xx |||||||||||||| ||und|| | ||
| 040 | _coclc | ||
| 082 |
_a914.20385 _bTRE/B |
||
| 100 |
_aTregidgo, P S _96158 |
||
| 245 | 2 |
_aA Background To The English / _cP S Tregidgo |
|
| 260 |
_bLongman Green And Co Limited, _c1965. _aLondon: |
||
| 300 | _a177p | ||
| 650 | _aEnglish Literature | ||
| 942 |
_cBK _2ddc _h914.20385 _iTRE/B _k914.20385 _mTRE/B |
||